[Event "Prague Summer op 9th"]
[Site "Prague"]
[Date "2022.08.08"]
[Round "5"]
[White "Fleish, Felix"]
[Black "Schmaltz, Roland"]
[Result "0-1"]
[WhiteElo "2230"]
[BlackElo "2470"]
[PlyCount "110"]
[EventDate "2022.08.05"]
[EventType "swiss"]
[EventRounds "9"]
[EventCountry "CZE"]
[SourceTitle "CBM 209 Extra"]
[Source "ChessBase"]
[SourceDate "2022.09.30"]
[SourceVersion "1"]
[SourceVersionDate "2022.09.30"]
[SourceQuality "1"]

1. e4 c5 2. Nc3 e6 3. g3 Nc6 4. Bg2 g6 5. d3 Bg7 6. Be3 d6 7. Qd2 Rb8 8. Nge2 Nd4 9. Bxd4 cxd4 10. Nb5 Qb6 11. Qb4 Ke7 12. c3 dxc3 13. bxc3 a6 14. Nbd4 Qxb4 15. cxb4 Bd7 16. Rc1 Kd8 17. Nb3 Ne7 18. d4 b6 19. d5 exd5 20. exd5 Nf5 21. 0-0 Re8 22. Nc3 Rc8 23. Ne4 Bb5 24. Rxc8+ Kxc8 25. g4 Bxf1 26. Kxf1 Rxe4 27. Bxe4 Nh6 28. g5 Ng4 29. h3 Ne5 30. Nd4 b5 31. Nc6 Nc4 32. Ke2 Bb2 33. Bc2 Bc1 34. h4 Nb6 35. Bb3 Bb2 36. f4 Bc1 37. Kf3 Kc7 38. Kg4 Nc4 39. Bxc4 bxc4 40. Nd4 Bd2 41. a3 Kb6 42. f5 a5 43. fxg6 hxg6 44. bxa5+ Bxa5 45. Kf3 Be1 46. Ke4 Bxh4 47. Nf3 Bf2 48. Nd2 Kc5 49. a4 Be1 50. Nf3 Bc3 51. Ng1 Kb4 52. Ne2 Be5 53. Nd4 Bxd4 54. Kxd4 c3 55. Kd3 Kb3 0-1

[Event "Rishon Le Ziyyon 9798"]
[Site "Rishon Le Ziyyon"]
[Date "1997.12.31"]
[Round "7"]
[White "Bar, Roman"]
[Black "Fleish, Felix"]
[Result "1-0"]
[WhiteElo "2210"]
[BlackElo "2350"]
[PlyCount "109"]
[EventDate "1997.12.25"]
[EventType "swiss"]
[EventRounds "9"]
[EventCountry "ISR"]
[SourceTitle "CBM 062 Extra"]
[Source "ChessBase"]
[SourceDate "1998.03.09"]
[SourceVersion "1"]
[SourceVersionDate "1998.03.09"]
[SourceQuality "1"]

1. e4 c5 2. Nf3 Nc6 3. d4 cxd4 4. Nxd4 Nf6 5. Nc3 d6 6. Be2 e5 7. Nf3 Be7 8. Bg5 Be6 9. 0-0 0-0 10. Bxf6 Bxf6 11. Nd5 Rc8 12. c3 Bg5 13. Bc4 Na5 14. Bb3 Nc4 15. Bxc4 Rxc4 16. Qd3 b5 17. Nxg5 Qxg5 18. Ne3 Rc6 19. Qxb5 Rb6 20. Qe2 Qf4 21. f3 a5 22. Rfd1 a4 23. Nd5 Bxd5 24. Rxd5 f5 25. exf5 Rxf5 26. Rad1 Rf6 27. R1d2 h6 28. R5d3 Qc4 29. a3 Qa2 30. g3 h5 31. h4 Qe6 32. Kg2 Rf8 33. Qe4 Rfb8 34. Qxa4 Rxb2 35. Qc6 R8b6 36. Qd5 Kf7 37. Kf2 Qxd5 38. Rxd5 Ke6 39. Rxd6+ Rxd6 40. Rxb2 Ra6 41. Rb3 Kd5 42. Ke3 Kc4 43. Rb7 g6 44. Ke4 Kxc3 45. Rd7 Kc2 46. Kxe5 Rxa3 47. Kf4 Ra8 48. Kg5 Rf8 49. f4 Ra8 50. Kxg6 Ra3 51. Kxh5 Rxg3 52. f5 Rf3 53. Kg6 Rg3+ 54. Kf7 Rh3 55. f6 1-0

[Event "Rishon Le Ziyyon 9798"]
[Site "Rishon Le Ziyyon"]
[Date "1997.12.27"]
[Round "3"]
[White "Fleish, Felix"]
[Black "Kataev, Simcho"]
[Result "1-0"]
[WhiteElo "2350"]
[BlackElo "2310"]
[PlyCount "81"]
[EventDate "1997.12.25"]
[EventType "swiss"]
[EventRounds "9"]
[EventCountry "ISR"]
[SourceTitle "CBM 062 Extra"]
[Source "ChessBase"]
[SourceDate "1998.03.09"]
[SourceVersion "1"]
[SourceVersionDate "1998.03.09"]
[SourceQuality "1"]

1. b3 c5 2. Bb2 Nc6 3. e3 d6 4. d4 Nf6 5. Nf3 cxd4 6. exd4 Bg4 7. Nbd2 e6 8. Bd3 Be7 9. 0-0 0-0 10. c4 Rc8 11. a3 e5 12. d5 Nb8 13. Qe2 Nbd7 14. h3 Bh5 15. Qe3 Bg6 16. b4 b5 17. Bxg6 hxg6 18. cxb5 Nxd5 19. Qb3 Nf4 20. Nc4 e4 21. Nd4 d5 22. Ne3 Ne5 23. Rad1 Ned3 24. Nc6 Rxc6 25. bxc6 d4 26. Ng4 Bd6 27. Rxd3 exd3 28. Bc1 Ne2+ 29. Kh1 Nxc1 30. Rxc1 d2 31. Rd1 Re8 32. g3 Re1+ 33. Kg2 Qg5 34. Nh2 Bxg3 35. Nf3 Qf4 36. Rxd2 Bxf2 37. Rxf2 Re3 38. Qc4 Rc3 39. Qxd4 Qc1 40. Qd8+ Kh7 41. Ng5+ 1-0

[Event "Kfar Sava op"]
[Site "Kfar Sava"]
[Date "1995.??.??"]
[Round "?"]
[White "Fleish, Felix"]
[Black "Grinshpun, Eduard"]
[Result "1/2-1/2"]
[WhiteElo "2305"]
[BlackElo "2370"]
[PlyCount "66"]
[EventDate "1995.??.??"]
[EventType "swiss"]
[EventRounds "9"]
[EventCountry "ISR"]
[SourceTitle "EXT 2004"]
[Source "ChessBase"]
[SourceDate "2003.11.25"]
[SourceVersion "1"]
[SourceVersionDate "2003.11.25"]
[SourceQuality "1"]

1. e4 e5 2. Nf3 Nc6 3. Bb5 a6 4. Ba4 Nf6 5. 0-0 Nxe4 6. d4 b5 7. Bb3 d5 8. dxe5 Be6 9. Nbd2 Nc5 10. c3 Bg4 11. Bc2 Be7 12. Re1 Bh5 13. Nb3 Ne6 14. Bf5 0-0 15. Qd3 Bg6 16. g4 Qd7 17. Bd2 a5 18. Qxb5 Rab8 19. Qa4 Nxe5 20. Qxd7 Nxd7 21. Nfd4 Bxf5 22. gxf5 Nxd4 23. cxd4 Bb4 24. Bxb4 Rxb4 25. Nxa5 Rxd4 26. Re2 Nf6 27. Nc6 Rg4+ 28. Kf1 Ra8 29. Rc1 Rxa2 30. Ne5 Rg5 31. Nxf7 Rxf5 32. Rxc7 Ne4 33. Nd8 Rg5 1/2-1/2

[Event "Kfar Sava op"]
[Site "Kfar Sava"]
[Date "1995.??.??"]
[Round "?"]
[White "Godes, Dmitry R"]
[Black "Fleish, Felix"]
[Result "1/2-1/2"]
[WhiteElo "2390"]
[BlackElo "2305"]
[PlyCount "133"]
[EventDate "1995.??.??"]
[EventType "swiss"]
[EventRounds "9"]
[EventCountry "ISR"]
[SourceTitle "EXT 2004"]
[Source "ChessBase"]
[SourceDate "2003.11.25"]
[SourceVersion "1"]
[SourceVersionDate "2003.11.25"]
[SourceQuality "1"]

1. Nf3 c5 2. g3 Nc6 3. Bg2 g6 4. c4 Bg7 5. 0-0 d6 6. Nc3 Nf6 7. e3 0-0 8. d4 Bg4 9. h3 Bxf3 10. Bxf3 Nd7 11. dxc5 Bxc3 12. bxc3 Nxc5 13. Ba3 Qa5 14. Bxc5 Qxc5 15. Rb1 Rab8 16. Qa4 Ne5 17. Bxb7 Nxc4 18. Rb5 Qc7 19. Bg2 Rxb5 20. Qxb5 Rb8 21. Qa4 Rb2 22. Bd5 Ne5 23. f4 Qc5 24. Qd4 Nd7 25. Rf2 Rb1+ 26. Rf1 Rb5 27. Bb3 Qf5 28. g4 Qf6 29. Qa4 Rb7 30. Qc6 Nc5 31. Qd5 e6 32. Qxd6 Qxc3 33. Qc6 Qxe3+ 34. Kg2 Rd7 35. Qf3 Rd2+ 36. Kg3 Ne4+ 37. Kh4 g5+ 38. Kh5 Ng3+ 39. Kh6 Qxf3 40. Rxf3 gxf4 41. Rxf4 Rd3 42. h4 Re3 43. Rb4 Kf8 44. Rb8+ Ke7 45. Rb7+ Kf8 46. Rxa7 Ne4 47. Ra8+ Ke7 48. Kg7 Rh3 49. Ra7+ Kd6 50. h5 Rg3 51. Kxf7 Ng5+ 52. Kg7 Rxg4 53. Kh6 Ke5 54. Rg7 Kf5 55. a4 Kf6 56. Bxe6 Rxa4 57. Rxg5 Kxe6 58. Kxh7 Kf6 59. Rg7 Rh4 60. h6 Rh1 61. Rg3 Kf7 62. Rf3+ Ke7 63. Rf5 Ke6 64. Ra5 Kf7 65. Ra7+ Kf8 66. Rg7 Rf1 67. Rg8+ 1/2-1/2